The diseases of infancy and childhood : (Record no. 44199)
[ view plain ]
| 000 -LEADER | |
|---|---|
| fixed length control field | 00766cam9a220020500 4500 |
| 001 - CONTROL NUMBER | |
| control field | qce01895434 |
| 005 - DATE AND TIME OF LATEST TRANSACTION | |
| control field | 20190813175527.0 |
| 008 - FIXED-LENGTH DATA ELEMENTS--GENERAL INFORMATION | |
| fixed length control field | 801028s1909 nyuaf 000 0 eng d |
| 035 ## - SYSTEM CONTROL NUMBER | |
| System control number | (Sirsi) r67843 |
| 035 ## - SYSTEM CONTROL NUMBER | |
| System control number | (QCAT)lss02908846 |
| 035 ## - SYSTEM CONTROL NUMBER | |
| System control number | (UPRA)qce01895434 |
| 040 ## - CATALOGING SOURCE | |
| Modifying agency | UPRA |
| 100 1# - MAIN ENTRY--PERSONAL NAME | |
| Personal name | Holt, L. Emmett (Luther Emmett), 1855-1924. |
| Fuller form of name | Holt, L. Emmett (Luther Emmett), 1855-1924. |
| Dates associated with a name | Holt, L. Emmett (Luther Emmett), 1855-1924. |
| Linkage | A28713.1 |
| 245 14 - TITLE STATEMENT | |
| Title | The diseases of infancy and childhood : |
| Remainder of title | for the use of students and practitioners of medicine / |
| Statement of responsibility, etc. | by L. Emmett Holt. |
| 250 ## - EDITION STATEMENT | |
| Edition statement | 5th ed., rev. and enl. |
| 260 ## - PUBLICATION, DISTRIBUTION, ETC. | |
| Place of publication, distribution, etc. | New York : |
| Name of publisher, distributor, etc. | Appleton, |
| Date of publication, distribution, etc. | 1909. |
| 500 ## - GENERAL NOTE | |
| General note | Includes index. |
| 949 ## - LOCAL PROCESSING INFORMATION (OCLC) | |
| a | RJ45 |
| w | LC |
| i | -90937 |
| m | MEDICAL |
| t | BOOK |
| l | ON-SHELF |
| Withdrawn status | Lost status | Source of classification or shelving scheme | Damaged status | Not for loan | Home library | Current library | Shelving location | Total Checkouts | Full call number | Barcode | Date last seen | Copy number | Price effective from | Koha item type |
|---|---|---|---|---|---|---|---|---|---|---|---|---|---|---|
| Library of Congress Classification | Medical Library | Medical Library | On Shelf | RJ45 | -90937 | 08/13/2019 | 1 | 08/13/2019 | Book |